Blood money (Record no. 487694)
[ view plain ]
| 000 -LEADER | |
|---|---|
| fixed length control field | 00392 a2200157 4500 |
| 003 - CONTROL NUMBER IDENTIFIER | |
| control field | NUST |
| 020 ## - INTERNATIONAL STANDARD BOOK NUMBER | |
| International Standard Book Number | 9780857384911 |
| 040 ## - CATALOGING SOURCE | |
| Original cataloging agency | DLC |
| Transcribing agency | DLC |
| 082 ## - DEWEY DECIMAL CLASSIFICATION NUMBER | |
| Classification number | 364.1523 |
| Author Mark | IGN |
| 100 ## - MAIN ENTRY--PERSONAL NAME | |
| Personal name | Ignatius, David |
| 9 (RLIN) | 22968 |
| 245 ## - TITLE STATEMENT | |
| Title | Blood money |
| Statement of responsibility, etc. | David Ignatius |
| 260 ## - PUBLICATION, DISTRIBUTION, ETC. | |
| Place of publication, distribution, etc. | London |
| Name of publisher, distributor, etc. | Quercus |
| Date of publication, distribution, etc. | 2011 |
| 300 ## - PHYSICAL DESCRIPTION | |
| Extent | 498 p. |
| 650 ## - SUBJECT ADDED ENTRY--TOPICAL TERM | |
| Topical term or geographic name entry element | Central Intelligence Agency--Retribution |
| 9 (RLIN) | 22969 |
| 942 ## - ADDED ENTRY ELEMENTS (KOHA) | |
| Koha item type | Book |
| Source of classification or shelving scheme | |
| Withdrawn status | Lost status | Source of classification or shelving scheme | Damaged status | Not for loan | Permanent Location | Current Location | Date acquired | Total Checkouts | Full call number | Barcode | Checked out | Date last seen | Date last checked out | Price effective from | Koha item type |
|---|---|---|---|---|---|---|---|---|---|---|---|---|---|---|---|
| School of Civil and Environmental Engineering (SCEE) | School of Civil and Environmental Engineering (SCEE) | 10/07/2019 | 6 | 364.1523 IGN | NIT-11247 | 11/27/2025 | 10/28/2025 | 10/28/2025 | 10/07/2019 | Book |
